000 00696nam a2200217Ii 4500
003 JO-AjNU
008 230605s9999||||xx |||||||||||||| ||und||
017 _a1978/5922
040 _aJO-AjNU
_bara
_erda
_cJO-AjNU
041 _aara
050 1 4 _aLB1025.N85 1979
100 3 _aالنورى،عبد الغني مؤلف/عبود،عبد الغني م.مشارك,
_eauthor
_915096
245 0 0 _aنحو فلسفة عربية للتربية
250 _aط2
264 3 1 _aعمان:دار الفكر العربي،1979
300 _a372ص
336 _atext
_btxt
_2rdacontent
337 _aunmediated
_bn
_2rdamedia
338 _avolume
_bnc
_2rdacarrier
650 4 _aتربية-فلسفة
_915097
999 _aA4183
_c7751
_d7751